Vampire Diaries Quiz Stats

 Plays Quiz not verified by Sporcle

Also try: Michaels on TV
Challenge
Share
Tweet
Embed
Score 0/10 Timer 10:00
1 Play Today
% Correct
Isobel
96.6%
Mystic Falls
96.3%
Isobel
96.1%
Katherine
96.1%
Vervain
94.8%
John Gilbert
94.2%
Tyler Lockwood
88.8%
Caroline
86.9%
Caroline
86.2%
Alaric Saltzman
81%

You're not logged in!

Compare scores with friends on all Sporcle quizzes.
OR
Log In

You Might Also Like...

Show Comments

Extras

Top Quizzes Today


Score Distribution

Your Account Isn't Verified!

In order to create a playlist on Sporcle, you need to verify the email address you used during registration. Go to your Sporcle Settings to finish the process.

Report this User

Report this user for behavior that violates our Community Guidelines.

Details: